00398nam a2200169Ia 4500003000400000005001700004008004100021020002200062040000700084041000800091082001600099100002000115245002900135260003500164300001600199365001300215OSt20230531091559.0210423s2011 xx 000 0 und d a978-93-81293-70-6 cAL aeng a362.82 SINF aSINGH (Ajit K). aFamily and child welfare aNew DelhibCentrum Pressc2011 avii,296bPB b995cINR